000 01532cam a2200289 4500
001 ##L130360
008 050720n2004 000 0 eng u
020 _a1570830711
035 _a(Sirsi) u130360
041 0 _aeng
050 0 4 _a526.982 $2 18
100 1 _aMcGlone, J Chris
245 0 0 _aManual of Photogrammetry
250 _a5th ed.
260 _aMaryland
_bASPRS
_c2004
300 _axvi, 1151
_bill
_c26cm
350 _a168.75
505 2 _aA brief history of photogrammetry - mathematical concepts in photogrammetry - the mathematics of photogrammetry - elements of photogrammetric optics - digital image processing - basic computer vision techniques - detectors and sensors - cameras and sensing systems - photogrammetric platforms - classical photogrammetric equipment - analytical photogrammetric operations - automation and digital photogrammetric workstations - photogrammetric products - photogrammetric applications - project and mission planning.
520 _aThis new edition places the emphasis on digital methods and products. It explains the mathematics in projective geometry and statistics, and discusses digital image processing and computer vision algorithms to help the reader understand digital production operations.
520 _aSupercedes 4th ed (ISBN 0937294012)
590 _a221105
690 _aENVIRONMENTAL AND LAND CONSULTANCY-GEOMATICS-PHOTOGRAMMETRY AND REMOTE SENSING
700 1 _aMikhail, Edward M
700 1 _aBethel, James
700 1 _aMullen, Roy
942 _n0
999 _c104438
_d104438